| 000 | 00979cam a2200289 i 4500 | ||
|---|---|---|---|
| 003 | DO-SdBNP | ||
| 005 | 20231011153051.0 | ||
| 007 | ta | ||
| 008 | 751003s2018 sp 001 f spa d | ||
| 020 | _a9788499928289 | ||
| 040 |
_aDO-SdBNP _bspa _cBNPHU _erda |
||
| 082 | 4 |
_bE21 _222 |
|
| 100 | 1 |
_aEdelstein, José _984457 _d1968- |
|
| 245 | 1 | 0 |
_aEinstein para perplejos / _cJosé Edelstein, Andrés Gomberoff |
| 246 | 1 |
_aEinstein para perplejos : _bmateria, energía, luz, espacio y tiempo / |
|
| 264 | 1 |
_a[Barcelona], España : _bPenguin Random House, _bDebate, _c2018. |
|
| 300 |
_a281 páginas _c23 cm. |
||
| 336 |
_2rdacontent _atexto _btxt |
||
| 337 |
_2rdamedia _asin mediación _bn |
||
| 338 |
_2rdacarrier _avolumen _bnc |
||
| 490 | 1 | _aCiencia | |
| 500 | _aIncluye datos biografícos de los autores en la solapa de la portada. | ||
| 590 | _aInventariado, 2023/ YL | ||
| 700 | 1 |
_aGomberoff, Andrés _eautor _984436 _d1969- |
|
| 910 | _aYlockward | ||
| 942 |
_2ddc _cLBS1 |
||
| 999 |
_c55155 _d55155 |
||